00883nab a2200217uuc4500001000800000005001700008008004100025035001200066040001300078041000800091100004100099245010500140650004900245650004800294650004400342650004600386650004600432700003300478700003800511773011600549137809620240202115227.0140715e20140105 spa  a1378096 ccomduadb aspa10aCacciamali, Maria Cristina4auteaut10a¿Hubo cambios en la política social de los gobiernos de la "nueva izquierda" en América latina? aAmérica Latina - Aspectos sociopolíticos aAmérica Latina - Aspectos socioculturales aAmérica Latina - Aspectos políticos aIzquierda (Política) - América Latina 7aPolítica socialzAmérica Latina2lemb10aCury, Eduardo Luiz4auteaut10aCampos, André Gambier4auteaut0 tCuadernos Americanos (México)gVolumen 001, Número 147, Enero-Marzo 2014, p. 11-38w116900z0185156X068748